Al excelentísimo señor D. Manuel Ruiz Zorrilla, presidente del Consejo de Ministros, la Sociedad Abolicionista Española : (Record no. 190134)

MARC details
000 -LEADER
campo de control de longitud fija 01013nam a2200229 i 4500
001 - NÚMERO DE CONTROL
campo de control 190134
003 - IDENTIFICADOR DE NÚMERO DE CONTROL
campo de control ES-MaACL
005 - FECHA Y HORA DE LA ÚLTIMA TRANSACCIÓN
campo de control 20250902103719.0
008 - DATOS DE LONGITUD FIJA--INFORMACIÓN GENERAL
campo de control de longitud fija 200731s1872 sp |||| | spa d
080 ## - NÚMERO DE LA CLASIFICACIÓN DECIMAL UNIVERSAL
Número de la Clasificación Decimal Universal 326.8(729.1)
080 ## - NÚMERO DE LA CLASIFICACIÓN DECIMAL UNIVERSAL
Número de la Clasificación Decimal Universal 326.8(729.5)
245 00 - MENCIÓN DEL TÍTULO
Título Al excelentísimo señor D. Manuel Ruiz Zorrilla, presidente del Consejo de Ministros, la Sociedad Abolicionista Española :
Resto del título sobre el cumplimiento de la Ley preparatoria (de julio de 1870) para la abolición de la esclavitud en las Antillas españolas.
260 ## - PUBLICACIÓN, DISTRIBUCIÓN, ETC.
Lugar de publicación, distribución, etc. Madrid :
Nombre del editor, distribuidor, etc. Secretaría de la Sociedad Abolicionista Española,
Fecha de publicación, distribución, etc. 1872.
300 ## - DESCRIPCIÓN FÍSICA
Extensión 42 p. ;
Dimensiones 21 cm.
594 ## - Nota al título y mención de responsabilidad
Nota al título y mención de responsabilidad En cub.: Propaganda anti-esclavista
594 ## - Nota al título y mención de responsabilidad
Nota al título y mención de responsabilidad Tít. de antep.: El artículo 5º de la Ley preparatoria para la abolición de la esclavitud.
650 #4 - PUNTO DE ACCESO ADICIONAL DE MATERIA--TÉRMINO DE MATERIA
Término de materia o nombre geográfico como elemento de entrada Esclavitud-
Subdivisión geográfica Cuba.
9 (RLIN) 138905
650 #4 - PUNTO DE ACCESO ADICIONAL DE MATERIA--TÉRMINO DE MATERIA
Término de materia o nombre geográfico como elemento de entrada Esclavitud-
Subdivisión geográfica Puerto Rico
9 (RLIN) 12363
710 2# - ENTRADA AGREGADA--NOMBRE DE ENTIDAD CORPORATIVA
Nombre de entidad corporativa o nombre de jurisdicción como elemento de entrada Sociedad Abolicionista Española
9 (RLIN) 6627
852 4# - LOCALIZACIÓN
Ubicación ES-MaACL
Número de control de estantería T-153-F-2
Holdings
Estatus retirado Estado de pérdida Estado de daño No para préstamo Colección Biblioteca de origen Biblioteca actual Ubicación en estantería Fecha de adquisición Fuente de adquisición Total de préstamos Signatura topográfica completa Código de barras Visto por última vez Precio de reemplazo Tipo de ítem Koha
        Colección de folletos Biblioteca del Ateneo de Madrid Biblioteca del Ateneo de Madrid Depósito folletos 04/04/2005     T-153-F-2 1201831 23/02/2023 23/02/2023 Folleto